00573nam a2200205Ia 4500003000900000005001700009008004100026040003300067041000800100080001300108100001500121245003000136260003700166300002500203650000800228650001000236942000700246952009700253999001700350LK-CoDNM20240729152024.0010623t1916 xxu||||| |||| 00| 1 eng d aLK-CoDNMdLK-CoDNMeLK-CoDNM aeng a14 bW17 aGriggs W.  aThe Journal of Indian Art bW.Griggs Sons LtdaLondonc1916 b 88p. : ill ; 37 cm aArt aIndia cBK 001041708OBCaMAINbMAINcREFd2024-07-29l0o14 W17pOB3630r2024-07-29w2024-07-29yBK c88784d88784